UK Towns Quiz - Perth and Kinross - Scotland - Statistics

General Stats
  • This quiz has been taken 37 times
  • The average score is 12 of 25
Answer Stats
Clue Town Population % Correct
P Perth 47,893
100%
K Kinross 5,609
83%
P Pitlochry 2,694
79%
B Blairgowrie 9,433
75%
C Crieff 7,142
75%
B Bridge of Earn 2,918
71%
D Dunkeld 1,194
71%
S Scone 5,232
67%
A Auchterarder 6,061
63%
A Aberfeldy 1,886
58%
C Comrie 1,847
46%
A Alyth 2,345
42%
C Coupar Angus 2,132
42%
M Methven 1,301
42%
A Abernethy 1,425
38%
S Stanley 1,497
33%
L Luncarty 1,514
29%
M Milnathort 1,997
29%
I Invergowrie 1,744
25%
A Almondbank 1,359
21%
E Errol 1,500
21%
I Inchture 1,565
17%
L Longforgan 1,079
13%
S St Madoes 1,096
13%
B Bankfoot 1,254
8%
No matching quizzes found
Score Distribution
Percent of People with Each Score
Percentile by Number Answered
Your Score History
You have not taken this quiz